Catálogo

La leyenda del rey errante / (Registro nro. 68873)

Detalles MARC
000 -LEADER
fixed length control field 01368cam a2200397 i 4500
001 - CONTROL NUMBER
control field 68873
003 - CONTROL NUMBER IDENTIFIER
control field Mx-PuUPA
005 - DATE AND TIME OF LATEST TRANSACTION
control field 20260323132012.0
008 - FIXED-LENGTH DATA ELEMENTS--GENERAL INFORMATION
fixed length control field 250821s2016 mx |||dr|||| 00| f spa d
020 ## - INTERNATIONAL STANDARD BOOK NUMBER
International Standard Book Number 9786072421752
020 ## - INTERNATIONAL STANDARD BOOK NUMBER
International Standard Book Number 9789687791760
Qualifying information de la colección El Barco de Vapor
040 ## - CATALOGING SOURCE
Original cataloging agency Mx-PuUPA
Language of cataloging spa
Transcribing agency Mx-PuUPA
Modifying agency Mx-PuUPA
Description conventions rda
041 0# - LANGUAGE CODE
Language code of text/sound track or separate title spa
043 ## - GEOGRAPHIC AREA CODE
Geographic area code ar-----
100 1# - MAIN ENTRY--PERSONAL NAME
Personal name Gallego García, Laura,
Dates associated with a name 1977-
9 (RLIN) 13430
Relator term autor
245 13 - TITLE STATEMENT
Title La leyenda del rey errante /
Statement of responsibility, etc. texto, Laura Gallego García
250 ## - EDITION STATEMENT
Edition statement Segunda edición
264 #1 - PRODUCTION, PUBLICATION, DISTRIBUTION, MANUFACTURE, AND COPYRIGHT NOTICE
Place of production, publication, distribution, manufacture Ciudad de México :
Name of producer, publisher, distributor, manufacturer SM de Ediciones,
Date of production, publication, distribution, manufacture, or copyright notice 2006
300 ## - PHYSICAL DESCRIPTION
Extent 219 páginas ;
Dimensions 19 cm
336 ## - CONTENT TYPE
Fuente rdacontent
Content type term texto
Content type code txt
337 ## - MEDIA TYPE
Source rdamedia
Media type term sin medio
Media type code n
338 ## - CARRIER TYPE
Source rdacarrier
Carrier type term volumen
Carrier type code nc
490 1# - SERIES STATEMENT
Series statement El barco de vapor. Roja ;
Volume/sequential designation 12 M
500 ## - GENERAL NOTE
General note "Premio el Barco de Vapor" .-- Cubierta, portada.
500 ## - GENERAL NOTE
General note Reimpresiones: (Primera, 2016).
521 1# - TARGET AUDIENCE NOTE
Target audience note 12+
650 #7 - SUBJECT ADDED ENTRY--TOPICAL TERM
Source of heading or term armarc
Topical term or geographic name entry element Literatura española
650 #7 - SUBJECT ADDED ENTRY--TOPICAL TERM
Source of heading or term armarc
Topical term or geographic name entry element Aventuras
Form subdivision Novela infantil
650 #7 - SUBJECT ADDED ENTRY--TOPICAL TERM
Source of heading or term armarc
Topical term or geographic name entry element Conducta (Ética)
Form subdivision Novela juvenil
651 #4 - SUBJECT ADDED ENTRY--GEOGRAPHIC NAME
Geographic name Península Arábiga
Form subdivision Novela juvenial
830 #0 - SERIES ADDED ENTRY--UNIFORM TITLE
Uniform title Barco de vapor
Name of part/section of a work Roja
Volume/sequential designation 12 M
9 (RLIN) 12924
942 ## - ADDED ENTRY ELEMENTS (KOHA)
Source of classification or shelving scheme Dewey Decimal Classification
Koha item type Libro
Classification part 863
Item part B2612
Existencias
Withdrawn status Lost status Source of classification or shelving scheme Damaged status Not for loan Collection code Home library Current library Shelving location Date acquired Source of acquisition Cost, normal purchase price Total Checkouts Full call number Barcode Date last seen Cost, replacement price Price effective from Koha item type
    Dewey Decimal Classification   En catalogación Infantil Biblioteca Karol Wojtyla Biblioteca Karol Wojtyla Área de silencio 20/08/2021 1 143.00   863 B2612 2016 101246 07/04/2026 143.00 20/08/2021 Libro infantil